Outline of statistical theory. v1. (Record no. 71051)

MARC details
000 -LEADER
fixed length control field 00382nam a2200157Ia 4500
008 - FIXED-LENGTH DATA ELEMENTS--GENERAL INFORMATION
fixed length control field 230917s9999||||xx |||||||||||||| ||und||
020 ## - ISBN
Price RS65
040 ## - CATALOGING SOURCE
-- 24775
Original cataloging agency VIVEKANANDA LIBRARY
041 ## - Language
-- English
082 ## - DDC NUMBER
Classification number 519.5 G643O
100 ## - MAIN ENTRY--PERSONAL NAME
Personal name Goon, A M
245 #0 - TITLE STATEMENT
Title Outline of statistical theory. v1.
260 ## - PUBLICATION, DISTRIBUTION, ETC. (IMPRINT)
Place of publication, distribution, etc Calcutta
Name of publisher, distributor, etc The World Press
Date of publication, distribution, etc 1988
300 ## - PHYSICAL DESCRIPTION
Pages xiii, 516 p.
942 ## - ADDED ENTRY ELEMENTS (KOHA)
Koha item type Books
Holdings
Withdrawn status Lost status Damaged status Not for loan Location (home branch) Sublocation or collection (holding branch) Date acquired Koha issues (times borrowed) Koha full call number Accession No. Koha date last seen Koha item type
        VIVEKANANDA LIBRARY VIVEKANANDA LIBRARY 29/08/2002   519.5 G643O 144616 17/09/2023 Books
        VIVEKANANDA LIBRARY VIVEKANANDA LIBRARY 29/08/2002   519.5 G643O 162811 17/09/2023 Books
© Designed and Maintained by Vivekananda Library, MDU Rohtak